000 00357nam a2200145Ia 4500
008 191206s9999 xx 000 0 und d
020 _a0749303115 (pbk.)
090 _aDT433225P74
245 0 _aTouching The Moon
260 _aMandarin
260 _bA Mandarin paperback
260 _ccc1990
300 _a199 p. : map ; 20 cm.
999 _c17205
_d17205